000 00350nam a2200133Ia 4500
008 240624s9999 xx 000 0 und d
041 _aeng
082 _a332.024 BER
100 _aBERTOCCHI MARIDA
245 _aOPTIMIZING THE AGING RETIREMENT AND PENS
260 _c2010
_aNew York
_bWiley
300 _axviii, : 411 : p. : cm. ; 24
365 _c
_b28
999 _c22069
_d22069